000 00760nam a2200193 a 4500
003 0
005 20250619090610.0
008 021121s19uu xx 00 eng d
050 _aPHS LC 3981
_b.I34 2000
100 _aIde, Natsuko Akaike.
245 _aCoping skills and academic performance of mainstreamed LRU students /
_cNatsuko Akaike Ide.
260 _aLas PiƱas City, Philippines :
_bSouthville International School and Colleges,
_c2000.
300 _a26 pages :
_billustrations ;
_c28 cm.
650 _aMainstreaming in education
_zPhilippines.
650 _aStudents with learning disabilities
_xEducation
_zPhilippines.
650 _aCoping (Psychology) in children
_zPhilippines.
650 _aAcademic achievement
_zPhilippines.
942 _2lcc
_cPASS
999 _c96318
_d96318